LEADER 00962nam0-22002651i-450- 001 990002505350403321 035 $a000250535 035 $aFED01000250535 035 $a(Aleph)000250535FED01 035 $a000250535 100 $a20000920d1932----km-y0itay50------ba 101 0 $aENG 200 1 $aRicerche e note critiche sugli errori dei parametri della logistica e sugli errori della logistica stessa adottata dalla popo lazione italiana$fVolrico Travaglini. 210 $aPadova$cCedam$d1932. 215 $a88 p.$d25 cm 610 0 $aDemografia, Demografia$astudi regionali 700 1$aTravaglini,$bVolrico$0101916 801 0$aIT$bUNINA$gRICA$2UNIMARC 901 $aBK 912 $a990002505350403321 952 $aXXIV-C-13$b11755$fMAS 959 $aMAS 996 $aRicerche e note critiche sugli errori dei parametri della logistica e sugli errori della logistica stessa adottata dalla popo lazione italiana$9439987 997 $aUNINA DB $aING01 LEADER 01698oam 2200421M 450 001 9910716271503321 005 20200213071029.6 035 $a(CKB)5470000002519408 035 $a(OCoLC)1065754491 035 $a(OCoLC)995470000002519408 035 $a(EXLCZ)995470000002519408 100 $a20071213d1926 ua 0 101 0 $aeng 135 $aurcn||||||||| 181 $ctxt$2rdacontent 182 $cc$2rdamedia 183 $acr$2rdacarrier 200 10$aGranting lands to the Daughters of the American Revolution. June 7, 1926. -- Committed to the Committee of the Whole House on the State of the Union and ordered to be printed 210 1$a[Washington, D.C.] :$c[U.S. Government Printing Office],$d1926. 215 $a1 online resource (2 pages) 225 1 $aHouse report / 69th Congress, 1st session. House ;$vno. 1393 225 1 $a[United States congressional serial set ] ;$v[serial no. 8537] 300 $aBatch processed record: Metadata reviewed, not verified. Some fields updated by batch processes. 300 $aFDLP item number not assigned. 606 $aLand grants 606 $aAssociations, institutions, etc 608 $aLegislative materials.$2lcgft 615 0$aLand grants. 615 0$aAssociations, institutions, etc. 701 $aSwing$b Philip David$f1884-1963$pRepublican (CA)$01389095 801 0$bWYU 801 1$bWYU 801 2$bOCLCO 801 2$bOCLCQ 906 $aBOOK 912 $a9910716271503321 996 $aGranting lands to the Daughters of the American Revolution. June 7, 1926. -- Committed to the Committee of the Whole House on the State of the Union and ordered to be printed$93440195 997 $aUNINA